Assessing human-robot collaboration for the preparation of injectable anticancer drugs through the validation of a technology acceptance model questionnaire (notice n° 1528721)
[ vue normale ]
| 000 -LEADER | |
|---|---|
| fixed length control field | 01887cam a2200229 4500500 |
| 005 - DATE AND TIME OF LATEST TRANSACTION | |
| control field | 20251012013206.0 |
| 041 ## - LANGUAGE CODE | |
| Language code of text/sound track or separate title | fre |
| 042 ## - AUTHENTICATION CODE | |
| Authentication code | dc |
| 100 10 - MAIN ENTRY--PERSONAL NAME | |
| Personal name | Grassi, Enzo |
| Relator term | author |
| 245 00 - TITLE STATEMENT | |
| Title | Assessing human-robot collaboration for the preparation of injectable anticancer drugs through the validation of a technology acceptance model questionnaire |
| 260 ## - PUBLICATION, DISTRIBUTION, ETC. | |
| Date of publication, distribution, etc. | 2025.<br/> |
| 500 ## - GENERAL NOTE | |
| General note | 89 |
| 520 ## - SUMMARY, ETC. | |
| Summary, etc. | Integrating robotic technologies into hospital pharmacies, particularly for the sterile compounding of injectable anticancer drugs, is a complex endeavor that requires close human-robot collaboration, or cobotics. The objective of this project was to develop and validate an evaluation tool for assessing human-robot collaboration within a hospital pharmacy team. Prior to the implementation of the robot in our center, focus groups were coordinated to gauge the perceptions, concerns, and expectations of the hospital staff. Subsequently, a technology acceptance model was employed to evaluate this transition, which included a validated French survey tool. Our results demonstrated a statistically robust correlation between the behavioral intention to use the robot and its perceived usefulness and ease of use. This project highlights the importance of properly preparing for the introduction of innovative technologies, such as robotization, and of providing a validated evaluation tool to objectively assess human-robot collaboration. |
| 700 10 - ADDED ENTRY--PERSONAL NAME | |
| Personal name | Bertrand, Claude |
| Relator term | author |
| 700 10 - ADDED ENTRY--PERSONAL NAME | |
| Personal name | Pages, Arnaud |
| Relator term | author |
| 700 10 - ADDED ENTRY--PERSONAL NAME | |
| Personal name | Mitha, Assia |
| Relator term | author |
| 700 10 - ADDED ENTRY--PERSONAL NAME | |
| Personal name | Blanc, Ariane |
| Relator term | author |
| 700 10 - ADDED ENTRY--PERSONAL NAME | |
| Personal name | Fleury, Mapi |
| Relator term | author |
| 700 10 - ADDED ENTRY--PERSONAL NAME | |
| Personal name | Rieutord, André |
| Relator term | author |
| 786 0# - DATA SOURCE ENTRY | |
| Note | Journal de Pharmacie Clinique | 44 | 1 | 2025-03-28 | p. 19-28 | 0291-1981 |
| 856 41 - ELECTRONIC LOCATION AND ACCESS | |
| Uniform Resource Identifier | <a href="https://shs.cairn.info/journal-de-pharmacie-clinique-2025-1-page-19?lang=en&redirect-ssocas=7080">https://shs.cairn.info/journal-de-pharmacie-clinique-2025-1-page-19?lang=en&redirect-ssocas=7080</a> |
Pas d'exemplaire disponible.




Réseaux sociaux